000 00493nam a22001937a 4500
003 MPLRDC
005 20220104153733.0
008 210129b ||||| |||| 00| 0 eng d
020 _a957-13-3228-3
082 _a861.57 CSCS-32
100 _a村上春树
245 _a远方的鼓声
_c赖明珠译
250 _a初版
260 _a
_b时报文化企业股份有限
_c2000
300 _b
490 _a蓝小说. 926
650 _a日本现代小说
942 _cBK
_o861.57 CSCS-32
999 _c53588
_d53578